Normal view MARC view
  • Los Angeles (Calif.)

Entry Geographic Name

Number of records used in: 2

001 - CONTROL NUMBER

  • control field: 34127

003 - CONTROL NUMBER IDENTIFIER

  • control field: NUST

005 - DATE AND TIME OF LATEST TRANSACTION

  • control field: 20201020153346.0

008 - FIXED-LENGTH DATA ELEMENTS

  • fixed length control field: 201020|| aca||aabn | a|a d

040 ## - CATALOGING SOURCE

  • Original cataloging agency: NUST
  • Transcribing agency: NUST

151 ## - HEADING--GEOGRAPHIC NAME

  • Geographic name: Los Angeles (Calif.)
  • General subdivision: Buildings, structures, etc

670 ## - SOURCE DATA FOUND

  • Source citation: Work cat.: (NUST)1041: Banham, Reyner. 32436, Los Angeles :, [1971] .
© 2023 Central Library, National University of Sciences and Technology. All Rights Reserved.